000 00580nam a2200169 a 4500
008 120416s0000 ||||||||||||||||| || u
020 _a0936894296
050 _aHF 5549.A3 Wyl
100 _aWylie, Peter
245 1 0 _aProblem employees
246 _ahow to improve their performance
250 _a2nd ed.
260 _aNew Hampshire
_bUpstart Publishing co
_c1991
300 _ax, 260p. : ill.
350 _a0.00
995 _D0.00
_FCBU-MAIN LIBRARY (Kitwe)
_H1
_I22.95
_M1
_UAVAILABLE
_ZMain Library Open Access Collection
999 _c54754
_d54754